Turkeys, Pilgrims, and Indian corn : (Record no. 723)

MARC details
000 -LEADER
fixed length control field 01012pam a2200313 i 4500
005 - DATE AND TIME OF LATEST TRANSACTION
control field 20260322212031.0
008 - FIXED-LENGTH DATA ELEMENTS--GENERAL INFORMATION
fixed length control field data
010 ## - LIBRARY OF CONGRESS CONTROL NUMBER
LC control number 75004703
020 ## - INTERNATIONAL STANDARD BOOK NUMBER
International Standard Book Number 0816431493 :
Terms of availability {dollar}6.95
020 ## - INTERNATIONAL STANDARD BOOK NUMBER
International Standard Book Number 9780816431496 :
Terms of availability {dollar}6.95
040 ## - CATALOGING SOURCE
Original cataloging agency DLC
Transcribing agency DLC
Modifying agency DLC
042 ## - AUTHENTICATION CODE
Authentication code lcac
043 ## - GEOGRAPHIC AREA CODE
Geographic area code n-us---
050 00 - LIBRARY OF CONGRESS CALL NUMBER
Classification number GT4975
Item number .B37
082 00 - DEWEY DECIMAL CLASSIFICATION NUMBER
Classification number 394.2649
Edition information 21
092 ## - LOCALLY ASSIGNED DEWEY CALL NUMBER (OCLC)
Classification number 394.2 B37 1975
001 - CONTROL NUMBER
control field data
100 1# - MAIN ENTRY--PERSONAL NAME
Personal name Barth, Edna.
245 10 - TITLE STATEMENT
Title Turkeys, Pilgrims, and Indian corn :
Remainder of title the story of the Thanksgiving symbols /
Statement of responsibility, etc. Edna Barth & Ursula Arndt.
260 ## - PUBLICATION, DISTRIBUTION, ETC.
Place of publication, distribution, etc. New York :
Name of publisher, distributor, etc. Seabury Press,
Date of publication, distribution, etc. [1975]
300 ## - PHYSICAL DESCRIPTION
Extent 96 p. :
Other physical details col. ill. ;
Dimensions 26 cm.
500 ## - GENERAL NOTE
General note "A Clarion book."
504 ## - BIBLIOGRAPHY, ETC. NOTE
Bibliography, etc. note Includes bibliographical references and index.
520 ## - SUMMARY, ETC.
Summary, etc. Traces the history of this American harvest celebration and the development of its symbols and legends.
650 #0 - SUBJECT ADDED ENTRY--TOPICAL TERM
Topical term or geographic name entry element Thanksgiving Day
General subdivision Juvenile literature.
650 #1 - SUBJECT ADDED ENTRY--TOPICAL TERM
Topical term or geographic name entry element Thanksgiving Day.
650 #1 - SUBJECT ADDED ENTRY--TOPICAL TERM
Topical term or geographic name entry element Holidays.
700 1# - ADDED ENTRY--PERSONAL NAME
Personal name Arndt, Ursula,
Relator term ill.
Holdings
Withdrawn status Lost status Damaged status Not for loan Home library Current library Shelving location Date acquired Total checkouts Full call number Barcode Date last seen Price effective from Koha item type
        Troy Troy General stacks 22/03/2026   394.2649 21 BC0010740 22/03/2026 22/03/2026 Books